000 00678cam a2200217 a 4500
001 653655
005 20180119041059.0
008 940718s1995 caua 000 0 eng
010 _a 94030498
020 _a1559344687(alk. paper)
040 _aDLC
_cDLC
_dDLC
041 _aeng
080 _a808.0427 MIL
082 0 0 _a808.0427 MIL
_220
100 _a47
101 _aEDU
245 0 0 _aMotives for writing /
_c[compiled by] Robert Keith Miller, Suzanne Webb.
906 _a7
_bcbc
_corignew
_d1
_eocip
_f19
_gy-gencatlg
942 _2ddc
_cBK
999 _c40533
_d40533